| 000 | 00499nam a22001817a 4500 | ||
|---|---|---|---|
| 005 | 20260429093806.0 | ||
| 008 | 260429b |||||||| |||| 00| 0 eng d | ||
| 020 | _a978-0-357-03918-2 | ||
| 050 | _aHD 30.28.P46 2017 | ||
| 100 | _aPHD PENG MIKE W, | ||
| 245 | _aGLOBALSTRATEGY | ||
| 250 | _a4th | ||
| 260 |
_aAUSTRALIA _bCENGAGE LEARNING PUBLISHERS _c2017 |
||
| 300 | _aX,368 | ||
| 500 | _aINCLUDES GLOSSARY AND AN INDEX | ||
| 650 | _aStrategic planning -business planning | ||
| 942 |
_2lcc _cBK |
||
| 999 |
_c217072 _d217072 |
||